Fastest Countries to Start a Business in - Statistics

General Stats
  • This quiz has been taken 28 times
  • The average score is 10 of 21
Answer Stats
Days Country % Correct
4.5 United Kingdom
92%
1.5 Canada
83%
2.5 Australia
79%
3 Denmark
71%
3.5 France
71%
0.5 New Zealand
71%
4 Netherlands
67%
2.5 Singapore
67%
4 Belgium
63%
4 Norway
63%
3.5 Iceland
58%
4.5 Portugal
54%
3.5 Estonia
46%
4 South Korea
42%
3 Georgia
17%
2 Macedonia
17%
4 Armenia
4%
3 Azerbaijan
4%
4 Burundi
0%
4.5 Liberia
0%
4 Rwanda
0%
No matching quizzes found
Score Distribution
Percent of People with Each Score
Percentile by Number Answered
Your Score History
You have not taken this quiz